[Event "Pan American-ch U20 Girls"]
[Site "Asuncion"]
[Date "2014.06.27"]
[Round "8"]
[White "Cuello, Camila"]
[Black "Eswaran, Ashritha"]
[Result "0-1"]
[WhiteElo "1677"]
[BlackElo "2011"]
[PlyCount "70"]
[EventDate "2014.06.21"]
[EventType "swiss"]
[EventRounds "9"]
[EventCountry "PAR"]
[SourceTitle "CBM 161 Extra"]
[Source "ChessBase"]
[SourceDate "2014.08.29"]
[SourceVersion "1"]
[SourceVersionDate "2014.08.29"]
[SourceQuality "1"]

1. e4 c5 2. Nf3 d6 3. d4 cxd4 4. Nxd4 Nf6 5. Nc3 g6 6. Be3 Bg7 7. f3 Nc6 8. Qd2 0-0 9. 0-0-0 d5 10. exd5 Nxd5 11. Nxc6 bxc6 12. Bd4 Bxd4 13. Qxd4 Qb6 14. Na4 Qc7 15. h4 h5 16. Nc5 Rb8 17. Bc4 e5 18. Qd2 Qb6 19. Na4 Qb4 20. Qxb4 Rxb4 21. Bb3 Bf5 22. Rhe1 Re8 23. c3 Rxh4 24. Bxd5 cxd5 25. Nc5 Rh2 26. Re2 Rd8 27. Nb7 Rd7 28. Nc5 Rd6 29. Nb7 Rb6 30. Nd8 e4 31. Rxd5 exf3 32. Re8+ Kg7 33. Rd2 Rh1+ 34. Rd1 Rxd1+ 35. Kxd1 f2 0-1

[Event "Pan American-ch U20 Girls"]
[Site "Asuncion"]
[Date "2014.06.22"]
[Round "3"]
[White "Garcia Contreras, Ana Claudia De"]
[Black "Cuello, Camila"]
[Result "1-0"]
[WhiteElo "1921"]
[BlackElo "1677"]
[PlyCount "47"]
[EventDate "2014.06.21"]
[EventType "swiss"]
[EventRounds "9"]
[EventCountry "PAR"]
[SourceTitle "CBM 161 Extra"]
[Source "ChessBase"]
[SourceDate "2014.08.29"]
[SourceVersion "1"]
[SourceVersionDate "2014.08.29"]
[SourceQuality "1"]

1. e4 e5 2. Nf3 Nc6 3. d4 exd4 4. Nxd4 Bc5 5. Be3 Qf6 6. c3 Nge7 7. Bc4 Ne5 8. Be2 Qg6 9. 0-0 d6 10. f4 Qxe4 11. Bf2 Qxf4 12. Nb5 Ng4 13. Bxg4 Bxg4 14. Nxc7+ Kd7 15. Qe1 Qc4 16. Nxa8 Be2 17. Nd2 Qe6 18. Bxc5 Bxf1 19. Qxf1 dxc5 20. Nc4 Qg4 21. Qd3+ Kc8 22. Nd6+ Kb8 23. Nxf7 Qh4 24. g3 1-0

[Event "Pan American-ch U20 Girls"]
[Site "Asuncion"]
[Date "2014.06.21"]
[Round "1"]
[White "Vazquez Maccarini, Danitza"]
[Black "Cuello, Camila"]
[Result "1-0"]
[WhiteElo "1948"]
[BlackElo "1677"]
[PlyCount "85"]
[EventDate "2014.06.21"]
[EventType "swiss"]
[EventRounds "9"]
[EventCountry "PAR"]
[SourceTitle "CBM 161 Extra"]
[Source "ChessBase"]
[SourceDate "2014.08.29"]
[SourceVersion "1"]
[SourceVersionDate "2014.08.29"]
[SourceQuality "1"]

1. e4 e6 2. d4 d5 3. Nd2 Nf6 4. e5 Nfd7 5. Bd3 c5 6. c3 Nc6 7. Ne2 Qb6 8. Nf3 cxd4 9. cxd4 Be7 10. 0-0 f6 11. exf6 Bxf6 12. Re1 0-0 13. Bb1 Rd8 14. Qc2 Nf8 15. Be3 Bd7 16. Qd2 Qb4 17. Nc3 Na5 18. Nxd5 Qxd2 19. Nxf6+ gxf6 20. Nxd2 Kg7 21. Bd3 Be8 22. Be2 Bg6 23. Rac1 Rac8 24. Nf3 Be4 25. b4 Nc6 26. a3 Kf7 27. Red1 Ng6 28. Kf1 a6 29. Nd2 Bd5 30. Nc4 Nce7 31. Nb6 Rxc1 32. Rxc1 Rd6 33. Nxd5 Nxd5 34. Rc8 Rd7 35. Bh5 Kg7 36. Re8 Nc7 37. Rb8 Ne7 38. Rxb7 Ned5 39. Bf3 Re7 40. Bxd5 Nxd5 41. Rxe7+ Nxe7 42. Ke2 Nd5 43. Kd3 1-0

[Event "Pan American-ch U18 Girls 24th"]
[Site "Pocos de Caldas"]
[Date "2013.07.27"]
[Round "2"]
[White "Prado, Alexandra"]
[Black "Cuello, Camila"]
[Result "1/2-1/2"]
[WhiteElo "1828"]
[BlackElo "1689"]
[PlyCount "102"]
[EventDate "2013.07.26"]
[EventType "swiss"]
[EventRounds "9"]
[EventCountry "BRA"]
[SourceTitle "EXT 2018"]
[Source "ChessBase"]
[SourceDate "2017.10.13"]
[SourceVersion "1"]
[SourceVersionDate "2017.10.13"]
[SourceQuality "1"]

1. e4 e6 2. d4 d5 3. exd5 exd5 4. c4 c6 5. Bd3 Bd6 6. cxd5 Bb4+ 7. Bd2 Bxd2+ 8. Qxd2 Qxd5 9. Nf3 Ne7 10. Nc3 Qe6+ 11. Qe3 h6 12. 0-0 0-0 13. Ne5 Nd7 14. Bc4 Qd6 15. Rad1 Nb6 16. Bb3 Be6 17. Ne4 Qb4 18. Bxe6 fxe6 19. Nd3 Qc4 20. b3 Qd5 21. Nec5 Nf5 22. Qxe6+ Qxe6 23. Nxe6 Rf6 24. Rfe1 Nd7 25. Nec5 Nxc5 26. dxc5 Nd4 27. f3 Rd8 28. Kf2 Rf5 29. Re5 Rxe5 30. Nxe5 Rd5 31. f4 Ne6 32. Rxd5 cxd5 33. Nd3 Kf7 34. Ke3 Kf6 35. g4 g6 36. h3 h5 37. b4 a6 38. Ne5 a5 39. a3 axb4 40. axb4 Nc7 41. Nd7+ Ke7 42. Ne5 Kf6 43. Nd3 Nb5 44. Ne5 Nc7 45. Nf3 Na6 46. Kd4 Nxb4 47. Ne5 hxg4 48. hxg4 g5 49. f5 Nc2+ 50. Kxd5 Ne3+ 51. Ke4 Nc2 1/2-1/2